| 000 | 01295nam a2200337Ia 4500 | ||
|---|---|---|---|
| 001 | ebr10141932 | ||
| 003 | CaPaEBR | ||
| 006 | m u | ||
| 007 | cr cn||||||||| | ||
| 008 | 030603s2003 quc sb 001 0 eng d | ||
| 015 | _aGBA3-U6924 | ||
| 020 | _z0773526412 (bound) : | ||
| 020 | _z0773526420 (pbk.) : | ||
| 040 |
_aCaPaEBR _cCaPaEBR |
||
| 035 | _a(OCoLC)180704152 | ||
| 050 | 1 | 4 |
_aJC571 _b.M335 2003eb |
| 082 | 0 | 4 |
_a304.6/63 _221 |
| 100 | 1 | _aMarchak, M. Patricia. | |
| 245 | 1 | 0 |
_aReigns of terror _h[electronic resource] / _cPatricia Marchak. |
| 260 |
_aMontreal ; _aIthaca : _bMcGill-Queen's University Press, _c2003. |
||
| 300 | _axi, 306 p. | ||
| 504 | _aIncludes bibliographical references and index. | ||
| 533 |
_aElectronic reproduction. _bPalo Alto, Calif. : _cebrary, _d2009. _nAvailable via World Wide Web. _nAccess may be limited to ebrary affiliated libraries. |
||
| 650 | 0 | _aCrimes against humanity. | |
| 650 | 0 |
_aGenocide _xSociological aspects. |
|
| 650 | 0 |
_aGenocide _xHistory _y20th century. |
|
| 650 | 0 |
_aPolitical atrocities _xHistory _y20th century. |
|
| 655 | 7 |
_aElectronic books. _2local |
|
| 710 | 2 | _aebrary, Inc. | |
| 856 | 4 | 0 |
_uhttp://site.ebrary.com/lib/rucke/Doc?id=10141932 _zAn electronic book accessible through the World Wide Web; click to view |
| 999 |
_c90082 _d90082 |
||